Aktivácia s kombinovanou biomasou : Obh. 12.6.1995 /

Enregistré dans:
Détails bibliographiques
Auteur principal: Buday, Juraj (Auteur)
Format: Manuscrit Livre
Langue:slovaque
Publié: Bratislava : STU v Bratislave ChtF, 1995
Tags: Ajouter un tag
Pas de tags, Soyez le premier à ajouter un tag!

MARC

LEADER 00000ntm a22000003a 4500
001 stu23293
005 20150617225747.7
008 950620s1995----xo------------------slo-d
040 |a STU  |b slo 
041 0 |a slo 
044 |a xo 
100 1 |a Buday, Juraj  |4 aut 
245 1 |a Aktivácia s kombinovanou biomasou :  |b Obh. 12.6.1995 /  |c [aut.]Buday,Juraj 
260 |a Bratislava :  |b STU v Bratislave ChtF,  |c 1995 
300 |a 57 s :  |b Obr.,tab.,grafy,lit 
500 |a Špec.: Technológia životného prostredia 
996 |b CD11882  |c C*D11882  |l CCI  |s A  |a 24  |w stu23293_0001